Statistiken für Clash Royale - Karten anhand Beschreibung erkennen

Klicken Sie hier um das Quiz zu spielen!

Allgemein

  • Dieses Quiz wurde 562 mal gespielt
  • Das Durchschnittsergebnis liegt bei 6 aus 10

Antwortstatistiken

BeschreibungKarte% Korrekt
Der [...] sieht so verdammt gut aus, dass es einen umhauen kann ... oder liegt das an den Feuerbällen? Magier
100%
Diese wunderschöne [...] schießt flammende Pfeile aus großer Distanz. Wer eine gewisse Wärme für sie verspürt, wurde wahrscheinlich schon von ihr in Brand gesetzt. Prinzessin
100%
Gebäude, das regelmäßig Skelette gegen den Feind einsetzt. Wenn es zerstört wird, stößt es 3 Skelette aus. Gruselig. Grabstein
94%
Schleudert drei [...]auf eine beliebige Stelle in der Arena. Guten Flug, Jungs! Koboldfass
94%
Der [...] ist eine majestätische, fliegende Bestie, die Gebäude angreift. Die [...] sind weniger majestätisch, aber dafür umso aufgebrachter - sie greifen alles an.Lavahund
94%
Verteidigungsgebäude. Wenn nicht gerade Gegner geschockt werden, sollte diese Elektrickserei am besten geerdet sein. Tesla
92%
Der [...] kanalisiert Elektrizität mithilfe des SchockBlocks auf seinem Rücken. Dieser einzigartige Apparat lähmt Truppen in seiner Reichweite, die den [...] angreifen, und fügt ihnen Schaden zu.Elektroriese
91%
Ein Haufen Nahkämpfer mit krassen Schnurrbärten und noch krasserem Temperament.Barbaren
90%
Sein Distanzangriff kann Gegner in seine Richtung ziehen und ihn selbst zu feindlichen Gebäuden. Zudem ist er ein Meister in der uralten Kunst der [...]klatsche.Fischer
90%
Beschwört Fledermäuse, die ihr jeden Wunsch erfüllen - selbst, nachdem sie stirbt. Kommt ihr jemand zu nahe, ist sie sich aber auch nicht zu schade, ihren unheimlichen Stab zu schwingen! Nachthexe
90%
Drei schnelle, ungepanzerte Nahkämpfer. Klein, flink, grün und gemein! Kobolde
88%
Langsam aber robust - greift nur Gebäude an. Der Ein-Mann-Abrisstrupp! Riese
88%
Langsam, aber robust. Greift nur Gebäude an. Wenn er zerstört wird, explodiert er, teilt sich in zwei Mini[...] und verursacht Flächenschaden!Golem
87%
Er landet mit einem Donnerschlag, betäubt Feinde in der Nähe und schleudert Blitze mit beiden Händen! Was für ein Angeber! Elektromagier
83%
Beschwört Skelette, schießt mit zerstörerischen Strahlen und hat glühende rosa Augen (die leider keine Laserstrahlen verschießen).Hexe
83%
Er fällt Bäume bei Tag und jagt das Kampfholz bei Nacht. Wenn er besiegt ist, wird der Inhalt seiner Flasche Wut verschüttet. Holzfäller
83%
Stößt einen konzentrierten Feuerstrahl aus, dessen Schaden mit der Zeit zunimmt. Trägt einen Helm, weil Fliegen gefährlich sein kann. Infernodrache
83%
Der [...] kann sich unterirdisch einen Weg bahnen und überall in der Arena auftauchen. Das ist keine Zauberei, sondern eine Schaufel! Eine Schaufel, die reduzierten Schaden an Kronentürmen verursacht. Tunnelgräber
83%
Die sind ja ganz hübsch, aber am Himmel will man die Dinger trotzdem nicht sehen. Sie lassen mächtige Bomben fallen - und wenn sie abgeschossen werden, verursachen sie beim Absturz Flächenschaden.Ballon
82%
Dieser große blaue Kerl mag die einfachen Dinge im Leben - Dunkles Elixier trinken und Steine werfen. Seine riesigen Felsbrocken überrollen ihr Ziel und treffen alles dahinter!Bowler
80%
Lässt einen kleinen, lebhaften [...] erscheinen, der eine Gruppe von Feinden einfriert. Ziemlich cool. Eisgeist
80%
Ein hochexplosives Duo. Nichts erwärmt das kalte, untote Herz eines [...] mehr als der Anblick frisch gesprengter Gebäude.Mauerbrecher
80%
Der [...]stößt einzelne Feuergeister aus. Auch zum Kuchenbacken ist er bestens geeignet ... Ofen
80%
Dieser Frostwirker wirft [...]splitter, die die Bewegungs- und Angriffsgeschwindigkeit von Feinden reduzieren. Er ist zwar [...]kalt, aber sein Schnurrbart ist total heiß.Eismagier
79%
Lässt für weniger Elixier fünf [...] erscheinen - drei mit Messern, zwei mit Speeren. Das ist wie ein [...] -Sparpaket!Koboldgang
79%
Schnelle Nahkampfeinheit, die Gebäude ins Visier nimmt und über den Fluss springen kann. Er folgt dem Ruf des Kampfes bis durch die Tore der Arena.Schweinereiter
79%
Eine [...] auf Rädern?! Das sieht keiner kommen! Wenn du ihren Schild durchbrichst, bleibt sie zwar eine [...], aber nicht mehr auf Rädern.Kanonenkarre
78%
Eine verschüttete Flasche Wut hat einen unschuldigen Baumstamm in das mächtige [...] verwandelt. Jetzt schreit es nach Rache und zermalmt alles, was sich ihm in den Weg stellt! Richtet weniger Schaden an Kronentürmen an. Kampfholz
76%
Dupliziert alle verbündeten Truppen im Zielbereich. [...] Truppen sind anfällig, hauen aber genauso rein wie das Original! Gebäude sind nicht betroffen. Klonzauber
76%
Er schwebt unsichtbar durch die Arena, bis er von einem Feind überrascht wird. Dann greift er an! Danach ist er wieder unsichtbar. Königsgeist
76%
Er landet mit der Kraft von 1000 Schnurrbärten, springt dann von einem Feind zum nächsten und teilt gewaltigen Flächenschaden aus. Stell dich ihm nicht in den Weg!Megaritter
76%
Drei schnelle aber sehr schwache Nahkämpfer. Umzingle deine Feinde mit diesem Knochenhaufen! Skelette
76%
[...] lädt sich langsam auf und sorgt für GEWALTIGEN Flächenschaden. Nichts ist zu viel des Guten!Funki
75%
Bedeckt den Zielbereich mit einem tödlichen [...], das feindlichen Truppen und Gebäuden kontinuierlichen Schaden zufügt. Trotzdem bleibt das Gras grün und unversehrt. Wie geht das nur? Richtet weniger Schaden an Kronentürmen an. Gift
75%
Eine zähe Nahkämpferin, die rundum Flächenschaden verursacht. Ein Schwarm? Eine Horde? Kein Problem! Mit ein paar Drehungen erledigt sie alle. Walküre
75%
Verteidigungsgebäude, das Ziele röstet und mit der Zeit mehr Schaden zufügt. Versengt selbst die größten und krassesten Feinde! Infernoturm
74%
Sein Job ist es, feindliche Gebäude mit seiner riesigen Kanone zu zerstören. Doch seine Leidenschaft ist es, seinen blonden Zottelbart gut aussehen zu lassen.Königsriese
74%
[...] deine letzte gespielte Karte für +1 Elixier. Erscheint nicht in deiner Starthand. Spiegel
74%
Es überrollt Gegner und fügt ihnen dabei Schaden zu. Dann zerbricht es und ein [...] springt heraus! Wie ist er nur da reingekommen?! Barbarenfass
73%
Lass dich von dem kleinen Pony nicht beirren. Hat der [...] erst mal Tempo drauf, wirst du zertrampelt. Wenn er heranstürmt, richtet er doppelten Schaden an.Prinz
73%
Kleines, nur leicht geschütztes Skelett, das [...] wirft. Verursacht Flächenschaden, der einen ganzen Schwarm Feinde vernichten kann. Bomber
72%
Der [...] ist auf Kamikaze-Mission unterwegs und will dir eine warme Umarmung zukommen lassen. Das wäre ja ganz nett, aber leider brennt er ... Feuergeist
71%
Diese zwei Knochenkreaturen schweben durch die Arena und verursachen Flächenschaden. Außerdem ist ihr Rippenxylofon-Duett musikalische Meisterklasse. Skelettdrachen
71%
In der Luft tobt eine [...]party, bis die Ballons platzen ... Dann wird auf dem Boden weitergefeiert!Skelettfass
71%
Zwei leicht gepanzerte Fernangreifer. Sie helfen dir dabei, Boden- und Lufteinheiten auszuschalten - aber bei Tipps zum Haarefärben bist du auf dich allein gestellt.Bogenschützen
69%
Spukt Stromblitze, die bis zu drei Ziele auf einmal treffen. Gibt alles, um von seinen beiden Geschwistern nicht in den Schatten gestellt zu werden! Elektrodrache
68%
Teilt sich bei seiner Zerstörung in zwei [...] auf, die sich ihrerseits im Falle ihrer Zerstörung in zwei lebendige [...]kleckse verwandeln. Zerstört dein Gegner einen Klecks, erhält er 1 [...]. Elixiergolem
68%
Gebäude, das Speer[...] ausstößt. Nicht hineinschauen! Sonst kriegst du noch mit, wie sie gemacht werden ... Koboldhütte
68%
Beschleunigt Truppenbewegungen und Angriffsgeschwindigkeit. Gebäude greifen außerdem schneller an und rufen Truppen schneller herbei. Zum Aaaaaangriff! Wut
68%
Für dieses Paket ist keine Unterschrift nötig! Diese vom Himmel fallende Kiste verursacht bei ihrer Landung Flächenschaden und lässt einen Königsrekruten auf den Gegner los. Die leere Kiste eignet sich hervorragend für Spionageeinsätze. Königliche Luftpost
67%
Sechs schnelle, ungepanzerte, fliegende Angreifer. Wenn drei schon einer zu viel sind, was ist dann erst mit sechs?Lakaienhorde
67%
Er ist ein Zwischending aus Zauberer und [...] und verschießt magische Pfeile, die alle Feinde in der Schusslinie durchdringen. Das ist kein Zaubertrick, sondern [...]!Magieschütze
67%
Lässt ein freches [...]trio erscheinen! Der Junge läuft voraus, während die beiden Mädchen mit ihren Kaugummischleudern Gegnern aus der Ferne Schaden zufügen.Rabauken
67%
[...] beschädigen und betäuben bis zu drei gegnerische Einheiten oder Gebäude mit den meisten Trefferpunkten im Zielbereich. Reduzierter Schaden gegen Kronentürme. Blitz
65%
Verteidigungsgebäude mit großer Reichweite. Verschießt riesige Felsbrocken, die Flächenschaden verursachen. Kann nicht auf nahe Ziele schießen! Minenwerfer
65%
Je größer das [...], desto lauter der Knall. Trägt eine Bombe, die explodiert, wenn das [...] stirbt.Riesenskelett
65%
Er ist GIGANTISCH! Sobald er auf dem Gefrorenen Gipfel losgerollt war, konnte ihn nichts mehr aufhalten. Getroffene Feinde werden weggestoßen und verlangsamt. Richtet weniger Schaden an Kronentürmen an. Schneeball
63%
Drei ungepanzerte Fernkämpfer. Wer zum Kuckuck hat diesen Typen das [...]werfen beigebracht?! Und wer hielt es für eine gute Idee?! Speerkobolde
63%
Ein Gebäude, das sich einbuddeln und überall in der Arena wieder auftauchen kann. Es schickt [...] einzeln in den Kampf, bis es zerstört wird. Wenn es zerstört wird, erscheinen nochmal ein paar [...], um sicherzugehen, dass alles in der Nähe fachgerecht mit Dolchen bearbeitet wurde.Koboldbohrer
62%
Der fröhliche [...] stampft auf gegnerische Gebäude zu. Er trägt zwei [...] überall mit sich herum. Eine eigenartige, aber praktische Abmachung.Koboldriese
62%
Drei skrupellose Knochenbrüder mit Schilden. Wenn du ihre Schilde weghaust, bleiben nur noch ... drei skrupellose Knochenbrüder. Wächter
62%
Verteidigungsgebäude. Verschießt [...]kugeln mit tödlicher Wirkung, kann aber nicht auf fliegende Einheiten zielen. Kanone
61%
Teilt aus der Luft mit seinen feurigen Bäuerchen Flächenschaden aus. [...] sind von Geburt an niedlich, hungrig und bereit für jede Grillparty. Drachenbaby
58%
Verursacht bei Truppen und Kronentürmen Schaden pro Sekunde. Verursacht gewaltigen Gebäudeschaden! Fliegende Einheiten sind nicht betroffen. Erdbeben
58%
Belegt Gegner bei jeder Attacke mit einem Fluch. Wenn eine verfluchte Einheit zerstört wird, verwandelt diese sich in ein Schwein, das für die [...] kämpft und es auf Gebäude abgesehen hat! Sie backt außerdem sehr leckere Kekse. Hexenmutter
58%
Die Arena ist eine schmetterlingsfreie Zone. [...] kann sich also voll und ganz auf Zerstörung konzentrieren.Mini-P.E.K.K.A.
58%
Eine schwer gepanzerte, langsame Nahkämpferin mit zweifelhaftem Hüftschwung, aber großer Schlagkraft.P.E.K.K.A.
58%
Ein Trio dreier starker, unabhängiger Schützinnen, die für Gerechtigkeit und Ehre kämpfen. Wer sie nicht respektiert, begeht nicht nur einen Fehler, sondern eine Todsünde!Drei Musketierinnen
56%
Überraschung! Das ist eine Party. Eine Skelettparty, und zwar an einer beliebigen Stelle in der Arena! Juhu! Friedhof
56%
Fügt gegnerischen Einheiten und Gebäuden Schaden zu und [...] sie ein, wodurch sie sich weder bewegen noch angreifen können. Verursacht weniger Schaden an Kronentürmen. Frost
56%
Mit jeder Attacke entfesselt sie eine mächtige [...]aura, die ihre eigenen Trefferpunkte sowie die Trefferpunkte verbündeter Truppen regeneriert. Während sie nicht angreift, [...]sie sich selbst! Ihre Flügel ermöglichen ihr es, über den Fluss zu schweben.Kampfheilerin
56%
Zwei Barbaren stürmen mit einem großen Baumstamm auf das nächstgelegene Gebäude zu und verursachen erheblichen Schaden, wenn sie einen Treffer landen. Danach geht es mit Schwertern weiter! Rammbock
56%
Lässt zwei verstärkte [...] erscheinen. Sie ähneln gewöhnlichen [...], sind jedoch härter, besser, schneller und stärker.Elitebarbaren
54%
Lässt eine Handvoll winziger fliegender Kreaturen erscheinen. Sie sind gewissermaßen niedliche lila ... VERNICHTUNGSMASCHINEN! Fledermäuse
54%
Drei schnelle, ungepanzerte, fliegende Angreifer. [...] x 3 = Sauerei! Lakaien
53%
[...] spicken einen großen Bereich und fügen allen getroffenen Feinden Schaden zu. Reduzierter Schaden gegen Kronentürme. Pfeile
53%
Ein zäher Nahkämpfer und der hübsche, kultivierte Cousin des Barbaren. Gerüchten zufolge erhielt er seinen [...]schlag allein deswegen, weil er so einen spitzenmäßigen Schnurrbart hat.Ritter
53%
Zieht feindliche Truppen in sein Auge und fügt dabei kontinuierlich Schaden zu - wie ein Magnet. Ein großer, wirbelnder [...]-Magnet. Tornado
53%
Die [...] sprintet zu ihrem Ziel und landet einen extra großen Treffer! Während des Sprints kann ihr niemand schaden. Die Maske verbirgt ihr Gesicht und sieht auch noch besonders cool aus! Banditin
52%
Verursacht großen Schaden in einem kleinen Bereich - und sieht einfach toll dabei aus! Reduzierter Schaden gegen Kronentürme. Rakete
50%
Man muss [...] investieren, um [...] zu verdienen! Dieses Gebäude produziert 8 [...], wird aber nicht Teil deiner Starthand sein.Elixiersammler
48%
Der [...] teilt Flächenschaden aus und lässt seine mit Spitzen versehene Keule für sich sprechen - denn wenn er selbst das Wort ergreift, klingt es, als hätte er einen Eimer auf dem Kopf.Dunkler Prinz
47%
Wenn der [...] zerstört wird, stürmt ein [...]koloss in die Arena! [...]kolosse trainieren ihre Beine nicht. Koboldkäfig
47%
Lässt eine [...] erscheinen. Dürfen wir vorstellen? Larry und seine Freunde Harry, Gerry, Terry, Mary und so weiter und so fort.Skelettarmee
47%
Eine Gruppe kleiner Knallzauber-Maschinen. Wer sie wohl steuert? Das weiß nur der Meisterbauarbeiter! Zappys
47%
Ist stark, gepanzert und kann fliegen. Was wohl seine Schwäche ist? Cupcakes! Megalakai
44%
Uuuund ... [...]. Entzündet einen kleinen Bereich, verursacht großen Schaden. Reduzierter Schaden gegen Kronentürme.Feuerball
43%
Der Meisterbauarbeiter hat sein erstes Gerät in die Arena geschickt! Es handelt sich um eine schnelle und spaßige [...], die aber recht zerbrechlich ist! Flugmaschine
43%
Kommt er nahe genug an seine Feinde heran, teilt er EINE MENGE Schaden aus - aus der Ferne hält sich seine Feuerkraft in Grenzen. Was ihm an Zielgenauigkeit fehlt, gleicht er durch beeindruckend buschige Augenbrauen aus. Jäger
43%
Lässt eine Reihe von [...] erscheinen, die mit Speeren, Schilden und Holzeimern bewaffnet sind. Sie träumen davon, eines Tages auf Ponys reiten und Metalleimer tragen zu dürfen. Königsrekruten
42%
Er schleudert seine Axt wie einen Bumerang und kann Feinde so doppelt treffen! Ein Wunder, dass er dabei keinen Arm verliert.Scharfrichter
41%
Der [...] ist zäh und greift Gebäude an. Wenn er zerstört wird, explodiert er und verlangsamt Feinde in der Nähe. Er besteht ganz aus [...] ... oder? Natürlich. Eisgolem
40%
Läuft schnell, schießt weit und kaut Kaugummi. Wie kann man mit Kaugummi im Mund bloß Pfeile verschießen? Jahrelange Übung mit dem Didgeridoo! Blasrohrkobold
38%
Verschießt ein [...], das beim Aufprall explodiert, am Ziel Schaden verursacht und alles, was sich unmittelbar dahinter befindet, in einen Funkenregen hüllt. Das passiert, wenn sich Bogenschützen langweilen! Feuerwerkerin
38%
Defensivgebäude, das einen [...] beherbergt. Fügt allen Einheiten Schaden zu, die dumm genug sind, sich in seiner Nähe zu befinden. Bombenturm
36%
Gemeinsam stürmen sie durch die Arena, legen Feinden Fußfesseln an, reißen Türme nieder und ... kauen Gras?! Widderreiterin
33%
Springt Feinde an und verursacht Flächenschaden. Betäubt bis zu 9 gegnerische Truppen. Der [...] streitet sich regelmäßig mit dem Ritter, wer den prächtigeren Schnurrbart hat. Elektrogeist
29%
Die Schoßtiere des Königs sind auf freiem Fuß! Am liebsten knabbern sie an Äpfeln und Türmen. Who let the [...] out?Königsschweinchen
25%
Lass dich von der fein zurechtgemachten Frisur nicht beirren - die [...] lässt es gerne ordentlich knallen. Musketierin
18%
Ein schlitzohriger [...], der sich auf Feinde stürzt, Schaden verursacht und einen mächtigen [...]effekt zurücklässt, der Trefferpunkte verbündeter Truppen wiederherstellt!Heilungsgeist
15%
Trifft Feinde, lähmt und fügt in einem kleinen Umkreis Schaden zu. Reduzierter Schaden gegen Kronentürme. Knall
15%
Einen schicken Turm hast du da ... Wäre doch schade, wenn dieser [...] ihn dem Erdboden gleichmachen würde ...X-Bogen
11%
Ein Gebäude, das gelegentlich [...] gegen den Feind einsetzt. Was für eine [...]! Barbarenhütte
0%

Verteilung der Resultate

Perzentil nach korrekt beantworteten Fragen

Anzahl Personen mit jedem Resultat

Ihre Resultats-Entwicklung

Sie haben dieses Quiz noch nicht gespielt